Programme of action to prevent, combat and eradicate the illicit trade in small arms and light weapons in all its aspects (Record no. 77258)

MARC details
000 -LEADER
fixed length control field 01268nam a2200217 a 4500
008 - FIXED-LENGTH DATA ELEMENTS--GENERAL INFORMATION
fixed length control field 100204s2002 ||||||||||||||||| || u
050 ## - LIBRARY OF CONGRESS CALL NUMBER
Classification number HV 7436 Uni
100 ## - MAIN ENTRY--PERSONAL NAME
Personal name United Nations
245 10 - TITLE STATEMENT
Title Programme of action to prevent, combat and eradicate the illicit trade in small arms and light weapons in all its aspects
Statement of responsibility, etc. by United Nations
260 ## - PUBLICATION, DISTRIBUTION, ETC.
Place of publication, distribution, etc. New York:
Name of publisher, distributor, etc. United Nations department of Public information
Date of publication, distribution, etc. 2002
300 ## - PHYSICAL DESCRIPTION
Extent 94p.
350 ## -
-- 0.00
500 ## - GENERAL NOTE
General note Adopted by the United Nations conference on the illicit trade in small arms and light weapons in all its aspects, New York, 9 - 20 July 2001
650 ## - SUBJECT ADDED ENTRY--TOPICAL TERM
Topical term or geographic name entry element FIREARMS
650 ## - SUBJECT ADDED ENTRY--TOPICAL TERM
Topical term or geographic name entry element ILLEGAL ARMS TRANSFERS--PREVENTION--INTERNATIONAL COOPERATION
650 ## - SUBJECT ADDED ENTRY--TOPICAL TERM
Topical term or geographic name entry element WAR
710 ## - ADDED ENTRY--CORPORATE NAME
Corporate name or jurisdiction name as entry element United Nations Economic and Social Affairs (UNESA)
995 ## -
-- SPECIAL COLLECTIONS
-- 0.00
-- 52163
-- CBU-MAIN LIBRARY (Kitwe)
-- 1
-- 0.00
-- UNO(02)2002/ 6A
-- 1
-- AVAILABLE
-- 52163
-- International Publications
995 ## -
-- SPECIAL COLLECTIONS
-- 0.00
-- 52164
-- CBU-MAIN LIBRARY (Kitwe)
-- 2
-- 0.00
-- UNO(02)2002/ 6B
-- 2
-- AVAILABLE
-- 52164
-- International Publications
995 ## -
-- MAIN LIBRARY OPEN ACCESS
-- 0.00
-- 737062
-- CBU-MAIN LIBRARY (Kitwe)
-- 1
-- 0.00
-- HV 7436 Uni
-- 1
-- AVAILABLE
-- Feb 4, 2010
-- 39927
-- Main Library Open Access Collection
999 ## -
-- 77258
-- 77258
Holdings
Withdrawn status Lost status Source of classification or shelving scheme Damaged status Not for loan Permanent Location Current Location Shelving location Date acquired Total Checkouts Full call number Barcode Date last seen Copy number Price effective from Koha item type
          CBU-MAIN LIBRARY, KITWE. CBU-MAIN LIBRARY, KITWE.   04/25/2023   UNO(02)2002/6A 52163 04/25/2023 1 04/25/2023 SPECIAL COLLECTION
          CBU-MAIN LIBRARY, KITWE. CBU-MAIN LIBRARY, KITWE.   04/25/2023   UNO(02)2002/6B 52164 04/25/2023 2 04/25/2023 SPECIAL COLLECTION
          CBU-MAIN LIBRARY, KITWE. CBU-MAIN LIBRARY, KITWE.   04/25/2023   HV 7436 Uni 39927 04/25/2023 3 04/25/2023 MONOGRAPH